LDR 00915naa#a2200181#i#450# 001 RU\FGKOU VO SPBU MVD ROSSII\bibl\102888 005 20260701013701.3 011 ## _a2071-8284 100 ## _a20260630b2026####ek#y0rusy0150####ca 101 0# _aRUS 102 ## _aRU 200 1# _aПолитико-правовые инструменты интеграции наций в единое советское политическое пространство в начале XX века _eЖурнальная статья 210 1# _aСанкт-Петербург _cСАНКТ-ПЕТЕРБУРГСКИЙ УНИВЕРСИТЕТ МИНИСТЕРСТВА ВНУТРЕННИХ ДЕЛ РОССИЙСКОЙ ФЕДЕРАЦИИ _d2026 215 ## _a9 с. 608 ## _aЖурнальная статья _2local 675 ## _aПрочие вопросы. 34.09 _zRUS 700 #1 _aДанилов _gИгорь Борисович 856 4# _avestnikspbmvd.ru _u